Strategické riadenie školy projekt-strategické plánovanie
Pokračovanie príspevku z predchádzajúceho čísla. Ilustračné príklady.
Saved in:
| Main Author: | |
|---|---|
| Format: | Book Chapter |
| Language: | Slovak |
| Subjects: | |
| Tags: |
No Tags, Be the first to tag this record!
|
MARC
| LEADER | 00000naa a2200000 4500 | ||
|---|---|---|---|
| 001 | 0171921 | ||
| 005 | 20231127102835.2 | ||
| 041 | 0 | |a slo | |
| 044 | |a SK | ||
| 245 | 1 | 0 | |a Strategické riadenie školy |b projekt-strategické plánovanie |c Marián Valent |
| 520 | |a Pokračovanie príspevku z predchádzajúceho čísla. Ilustračné príklady. | ||
| 610 | 2 | 0 | |a riadenie strategické |
| 610 | 2 | 0 | |a školy |
| 610 | 2 | 0 | |a projekty |
| 610 | 2 | 0 | |a plánovanie strategické |
| 100 | 1 | |a Valent, Marián | |